| 000 | 00999cab a2200277 4500 | ||
|---|---|---|---|
| 001 | ABS54400 | ||
| 008 | 090401t1996 xxu||||| |||| 00| 0 eng d | ||
| 035 | _a(Sirsi) u10118 | ||
| 041 | _aeng | ||
| 100 | _aElson, M. | ||
| 245 | _aPlanning ways forward on diversified rural economy | ||
| 260 | _c1996 | ||
| 350 | _a0 | ||
| 490 |
_aPlanning (for the Natural and Built Environment) _v(1150) 5 January 1996, 8-9(2) |
||
| 520 | _aReviews the revised Planning Policy Guidance Note 7 and a research report by the Planning Policies Research Group at Oxford Brookes University on rural diversification. It urges planners to encourage the development of the economy of rural areas and to safeguard jobs and property. | ||
| 650 | _aPLANNING POLICY | ||
| 650 | _aPPG7 | ||
| 650 | _aRURAL AREAS | ||
| 650 | _aRURAL DIVERSIFICATION | ||
| 650 | _aRURAL ECONOMY | ||
| 690 | _aPLANNING LAW AND PRACTICE | ||
| 700 | _aMacDonald, R. | ||
| 700 | _aSteeberg, C. | ||
| 942 | _n0 | ||
| 948 | _c04/03/1997 | ||
| 999 |
_c6358 _d6358 |
||